| 000 | 00875nam a2200277 i 4500 | ||
|---|---|---|---|
| 001 | 000038459 | ||
| 003 | DO-SdBNP | ||
| 005 | 20250219103844.0 | ||
| 007 | ta | ||
| 008 | 130411s1980 dr 001 0 spa d | ||
| 040 |
_aDO-SdBNP _bspa _cBNPHU _erda |
||
| 041 | _aspa | ||
| 082 | 4 |
_aRD863.44 _bD249n _222 |
|
| 100 | 1 |
_aLeón David _d1945- _eautor _984930 _4aut. |
|
| 245 | 1 | 0 |
_aNarraciones truculentas : _bde poetas, filosofos y mujeres / _cLeón David. |
| 264 |
_aSanto Domingo, República Dominicana : _bEditora Cosmos, _c1980. |
||
| 300 |
_a71 páginas ; _c21 cm. |
||
| 336 |
_ardacontent _btexto _2txt |
||
| 337 |
_ardamedia _bsin mediación _2n |
||
| 338 |
_ardacarrier _bvolumen _2nc |
||
| 590 | _aInventariado, 2020/YL | ||
| 650 | 4 |
_aCuentos dominicanos _9176 |
|
| 650 | 4 |
_aLiteratura dominicana. _967 |
|
| 910 | _aValidado. Control de calidad EMS | ||
| 942 |
_2ddc _cLBS1 |
||
| 999 |
_c37949 _d37949 |
||